ბათუმის შოთა რუსთაველის სახელმწიფო უნივერსიტეტის ბიბლიოთეკა

პირველი სხივი:სტალინის სახ.თბილისის სახ. უნივერსიტეტის სტუდენთა ლიტერატურული წრის ალმანახი (ბიბ.ჩანაწერი № 43266)

000 -LEADER
fixed length control field 01117nam a2200217Ia 4500
001 - CONTROL NUMBER
control field 9993
003 - CONTROL NUMBER IDENTIFIER
control field GE_BSU
008 - FIXED-LENGTH DATA ELEMENTS--GENERAL INFORMATION
fixed length control field 181216s||||||||xx |||||||||||||| ||und||
040 ## - CATALOGING SOURCE
Transcribing agency GE_BSU
080 ## - UNIVERSAL DECIMAL CLASSIFICATION NUMBER
Universal Decimal Classification number 821.353.1+821.353.1-1+821.353.1-92+821.353.1-09
245 ## - TITLE STATEMENT
Title პირველი სხივი:სტალინის სახ.თბილისის სახ. უნივერსიტეტის სტუდენთა ლიტერატურული წრის ალმანახი
245 ## - TITLE STATEMENT
Remainder of title წ.2
245 ## - TITLE STATEMENT
Statement of responsibility, etc. სარედ.კოლ.ბ.ჟღენტი და სხვ.მხატვ.ს.კეცხოველი
260 ## - PUBLICATION, DISTRIBUTION, ETC.
Place of publication, distribution, etc. თბილისი
260 ## - PUBLICATION, DISTRIBUTION, ETC.
Name of publisher, distributor, etc. უნივერსიტეტის გამ–ბა
260 ## - PUBLICATION, DISTRIBUTION, ETC.
Date of publication, distribution, etc. 1951
300 ## - PHYSICAL DESCRIPTION
Extent 340გვ.24მ.
520 ## - SUMMARY, ETC.
Summary, etc. სტალინის სახ.თბილისის სახ.უნივერსიტეტის სტუდენტთა ლიტერატურული წრის ალმანახი
653 ## - INDEX TERM--UNCONTROLLED
Uncontrolled term პირველი სხივი
942 ## - ADDED ENTRY ELEMENTS (KOHA)
Koha item type წიგნი
ეგზემპლარები
Withdrawn status Lost status Damaged status Not for loan Date acquired Barcode Date last seen Price effective from Koha item type Public note
        2018-12-17 33289 2018-12-17 2018-12-17 წიგნი  
        2018-12-17 33290 2018-12-17 2018-12-17 წიგნი  
        2018-12-17 33291 2018-12-17 2018-12-17 წიგნი  
        2018-12-17 33292 2018-12-17 2018-12-17 წიგნი  
        2018-12-17 33293 2018-12-17 2018-12-17 წიგნი  
        2018-12-17 22253 2018-12-17 2018-12-17 წიგნი აგრარული ტექ.ფაკ.
        2018-12-17 22254 2018-12-17 2018-12-17 წიგნი აგრარული ტექ.ფაკ.
        2018-12-17 22257 2018-12-17 2018-12-17 წიგნი აგრარული ტექ.ფაკ.
        2018-12-17 22258 2018-12-17 2018-12-17 წიგნი აგრარული ტექ.ფაკ.